La práctica psicoanálitica: teoría, clínica, aplicaciones, investigación y enseñanza /
Wedi'i Gadw mewn:
| Prif Awdur: | |
|---|---|
| Fformat: | Llyfr |
| Iaith: | Spanish |
| Cyhoeddwyd: |
México :
Universidad Autónoma de Zacatecas,
2007
|
| Pynciau: | |
| Tagiau: |
Ychwanegu Tag
Dim Tagiau, Byddwch y cyntaf i dagio'r cofnod hwn!
|
MARC
| LEADER | 00000nam a2200000Ia 4500 | ||
|---|---|---|---|
| 008 | 161212b2007 mx ||||| |||| 00| | spa d | ||
| 999 | |c 509 |d 509 | ||
| 020 | |a 9789685923477 | ||
| 090 | |a 05.01.01 |b 1461 | ||
| 100 | 1 | |a Sánchez Escárcega, Jorge |9 2216 | |
| 245 | 1 | 3 | |a La práctica psicoanálitica: teoría, clínica, aplicaciones, investigación y enseñanza / |c Jorge Sánchez Escárcega |
| 260 | |a México : |b Universidad Autónoma de Zacatecas, |c 2007 | ||
| 300 | |a 467 páginas | ||
| 650 | 1 | 4 | |a PSICOLOGÍA |9 657 |
| 650 | 1 | 4 | |9 2215 |a PSICOANÁLISIS |
| 650 | 1 | 4 | |a INVESTIGACIÓN |9 163 |
| 942 | |i 002458 |h 05.01.01 1461 |2 z |c 01 | ||



